Hindu Countries - Statistics

General Stats
  • This quiz has been taken 61 times
  • The average score is 8 of 11
Answer Stats
Hint Answer % Correct
South Asia India
96%
South Asia Nepal
90%
South Asia Bangladesh
88%
South Asia Pakistan
85%
South East Asia Indonesia
73%
South Asia Sri Lanka
69%
South East Asia Malaysia
67%
Europe UK
63%
The Americas USA
58%
BONUS: What is the most Hindu South American country Guyana
56%
Southern Africa Mauritius
50%
No matching quizzes found
Score Distribution
Percent of People with Each Score
Percentile by Number Answered
Your Score History
You have not taken this quiz